000 00593nam a2200193Ia 4500
003 GCL
008 140319s9999 xx 000 0 ara d
020 _a9575875977
040 _aGCL /
_cGCL
082 0 4 _a890
_bح م
100 1 _aحسين مجيب المصرى
245 1 0 _aمن ادب الفرس والترك /
_cحسين مجيب المصرى
250 _aالاولى
260 _aالقاهرة :
_bالدار الثقافية للنشر ،
_c1999
300 _a255 ص ؛
_c24 سم
650 0 4 _aالادب الفارسى
650 0 4 _aالادب التركى
942 _2ddc
_cBK
999 _c5260
_d5260